| 000 | 01043nac a22002411u 4500 | ||
|---|---|---|---|
| 008 | 100914t xxu||||| |||| 00| 0 eng d | ||
| 010 | _a 2003025636 | ||
| 020 | _a041530606X (alk. paper) | ||
| 020 | _a0415306078 (pbk. : alk. paper) | ||
| 082 | 0 | 0 |
_a628.21 _bBUT |
| 100 |
_aButler, David. _919056 |
||
| 245 | 1 | 0 |
_aUrban Drainage / _cDavid Butler and John W. Davies. |
| 250 | _a2nd ed. | ||
| 260 |
_aLondon ; _aNew York : _bSpon Press,2004 _c2004. |
||
| 300 |
_axxii, 543 p. : _bill. ; _c24 cm. |
||
| 504 | _aIncludes bibliographical references and index. | ||
| 650 | 0 |
_aUrban runoff. _919057 |
|
| 700 | 1 |
_aDavies, John W. _919058 |
|
| 856 | 4 | 1 |
_3Table of contents only _uhttp://www.loc.gov/catdir/toc/ecip0411/2003025636.html |
| 856 | 4 | 1 |
_3Publisher description _uhttp://www.loc.gov/catdir/enhancements/fy0650/2003025636-d.html |
| 942 |
_cBB _k628.21BUT _2ddc |
||
| 999 |
_c2262 _d2262 |
||